| 000 | 00674nam a2200241Ia 4500 | ||
|---|---|---|---|
| 005 | 20260430150333.0 | ||
| 008 | 008 250103s9999 xx 000 0 eng d | ||
| 037 | _aTheses | ||
| 040 | _aCRL | ||
| 040 | _beng | ||
| 040 | _ceng | ||
| 041 | _2eng | ||
| 041 | _aeng | ||
| 084 | _qCRL | ||
| 100 |
_aGupta Srishti Au.; Bhattacharjea Aditya Gu.; Singh Uday Bhanu Gu. _91237186 |
||
| 245 | 0 | _aBuyer Power in Vertical Contracts: Theoretical and Empirical Analyses | |
| 260 | _c2022 | ||
| 300 | _a130p. | ||
| 650 | _aEconomics | ||
| 700 |
_aUniversity of Delhi. Faculty of Social Sciences. Deptt. of Economics _91237187 |
||
| 942 | _cTH | ||
| 999 |
_c1849544 _d1849544 |
||